Introduction to Internal Combustion Engines / (Record no. 15005)
[ view plain ]
| 000 -LEADER | |
|---|---|
| fixed length control field | 01333cam a22003137a 4500 |
| 001 - CONTROL NUMBER | |
| control field | 205062 |
| 005 - DATE AND TIME OF LATEST TRANSACTION | |
| control field | 20020205082819.0 |
| 008 - FIXED-LENGTH DATA ELEMENTS--GENERAL INFORMATION | |
| fixed length control field | 990621s1999 paua b 001 0 eng d |
| 010 ## - LIBRARY OF CONGRESS CONTROL NUMBER | |
| LC control number | 99064808 |
| 020 ## - INTERNATIONAL STANDARD BOOK NUMBER | |
| International Standard Book Number | 0768004950 |
| 020 ## - INTERNATIONAL STANDARD BOOK NUMBER | |
| International Standard Book Number | 9780768004953 |
| 035 ## - SYSTEM CONTROL NUMBER | |
| System control number | (DLC)205062 |
| 040 ## - CATALOGING SOURCE | |
| Original cataloging agency | EYG |
| Transcribing agency | EYG |
| Modifying agency | DLC |
| 042 ## - AUTHENTICATION CODE | |
| Authentication code | lccopycat |
| 050 00 - LIBRARY OF CONGRESS CALL NUMBER | |
| Classification number | TJ755 |
| Item number | .S87 1999 |
| 082 00 - DEWEY DECIMAL CLASSIFICATION NUMBER | |
| Classification number | 621.43 |
| Edition number | 22 |
| Item number | STO |
| 100 1# - MAIN ENTRY--PERSONAL NAME | |
| Personal name | Stone, Richard, |
| Dates associated with a name | 1955- |
| 9 (RLIN) | 22556 |
| 245 10 - TITLE STATEMENT | |
| Title | Introduction to Internal Combustion Engines / |
| Statement of responsibility, etc | Richard Stone. |
| 250 ## - EDITION STATEMENT | |
| Edition statement | 3rd ed. |
| 260 ## - PUBLICATION, DISTRIBUTION, ETC. (IMPRINT) | |
| Place of publication, distribution, etc | Warrendale, Pa. : |
| Name of publisher, distributor, etc | Society of Automotive Engineers, 1999 |
| Date of publication, distribution, etc | 1999 |
| 300 ## - PHYSICAL DESCRIPTION | |
| Extent | xviii, 641 p. : |
| Other physical details | ill. (some col.) ; |
| Dimensions | 25 cm. |
| 504 ## - BIBLIOGRAPHY, ETC. NOTE | |
| Bibliography, etc | Includes bibliographical references (p. 617-634) and index. |
| 650 #0 - SUBJECT ADDED ENTRY--TOPICAL TERM | |
| Topical term or geographic name as entry element | Internal combustion engines. |
| 9 (RLIN) | 22557 |
| 942 ## - ADDED ENTRY ELEMENTS (KOHA) | |
| Source of classification or shelving scheme | Dewey Decimal Classification |
| Item type | Book - Borrowing |
| Withdrawn status | Item status | Source of classification or shelving scheme | Damaged status | Not for loan | Vendor | Home library | Current library | Shelving location | Date acquired | Source of acquisition | Total Checkouts | Total Renewals | Full call number | Barcode | Date last seen | Date last borrowed | Koha item type |
|---|---|---|---|---|---|---|---|---|---|---|---|---|---|---|---|---|---|
| Dewey Decimal Classification | Baccah | Central Library | Central Library | First floor | 13/03/2011 | 8 | 61 | 621.43 STO | 000022941 | 15/07/2025 | 29/09/2016 | Book - Borrowing | |||||
| Dewey Decimal Classification | Baccah | Central Library | Central Library | First floor | 13/03/2011 | 7 | 57 | 621.43 STO | 000022942 | 15/07/2025 | 25/10/2016 | Book - Borrowing |